Contemporary issues in animal agriculture / (Record no. 16111)
[ view plain ]
| 000 -LEADER | |
|---|---|
| fixed length control field | 00712cam a2200229 a 4500 |
| 020 ## - INTERNATIONAL STANDARD BOOK NUMBER | |
| ISBN | 0813431506 |
| 040 ## - CATALOGING SOURCE | |
| Transcribing agency | IChamL |
| 082 00 - DEWEY DECIMAL CLASSIFICATION NUMBER | |
| Classification number | 338 INT 1999 A089 Co. |
| 100 1# - MAIN ENTRY--AUTHOR NAME | |
| Personal name | Cheeke, Peter R. |
| 245 10 - TITLE STATEMENT | |
| Title | Contemporary issues in animal agriculture / |
| 250 ## - EDITION STATEMENT | |
| Edition statement | 2nd ed. |
| 260 ## - PUBLICATION, DISTRIBUTION, ETC. (IMPRINT) | |
| Place of publication | Danville, Ill. : |
| Name of publisher | Interstate Publishers, |
| Year of publication | c1999. |
| 300 ## - PHYSICAL DESCRIPTION | |
| Number of Pages | xiii, 320 p. : |
| Other physical details | ill. ; |
| Dimensions | 28 cm. |
| 500 ## - GENERAL NOTE | |
| General note | First ed. published under title: Impacts of livestock production on society, diet/health and the environment. 1993. |
| 650 #0 - SUBJECT ADDED ENTRY--TOPICAL TERM | |
| Topical Term | Livestock |
| 650 #0 - SUBJECT ADDED ENTRY--TOPICAL TERM | |
| Topical Term | Food of animal origin |
| 650 #0 - SUBJECT ADDED ENTRY--TOPICAL TERM | |
| Topical Term | Animal nutrition. |
| 650 #0 - SUBJECT ADDED ENTRY--TOPICAL TERM | |
| Topical Term | Livestock |
| 650 #0 - SUBJECT ADDED ENTRY--TOPICAL TERM | |
| Topical Term | Animal industry |
| 700 1# - ADDED ENTRY--PERSONAL NAME | |
| Personal name | Cheeke, Peter R. |
| 942 ## - ADDED ENTRY ELEMENTS (KOHA) | |
| Koha item type | សៀវភៅភាសាអង់គ្លេស |
| 952 ## - LOCATION AND ITEM INFORMATION (KOHA) | |
| Withdrawn status [LOCAL, KOHA] | 0 |
| Permanent Location | Date acquired | Koha item type | Lost status | Shelving location | Barcode | Current Location | Full call number |
|---|---|---|---|---|---|---|---|
| Library Block A | 2018-01-10 | សៀវភៅភាសាអង់គ្លេស | A089 | A15039 | Library Block A | 338 INT 1999 A089 Co. |